|
|
|
|
| LEADER |
00000naa a2200000uu 4500 |
| 001 |
vtls010952270 |
| 003 |
SK-MaSNL |
| 005 |
20260302123648.0 |
| 008 |
210906|1998 xo |||||||||||||||||slo| |
| 015 |
|
|
|a SNBRA
|
| 035 |
|
|
|a (urnnbn)urn:nbn:sk:snk:ar-a0bkon
|
| 035 |
|
|
|a (uuid)92859ee6-5f80-41a3-b6e1-397eda34960b
|
| 035 |
|
|
|a urn:nbn:sk:snk-aaucpe
|
| 040 |
|
|
|a SNKBUCL
|b slo
|c SNKBUCL
|e AACR2
|
| 041 |
0 |
|
|a slo
|
| 044 |
|
|
|a xo
|c SK
|
| 100 |
1 |
|
|a Niehaus, Heinz
|4 aut
|9 808740
|
| 245 |
1 |
0 |
|a Skúsenosti s kontrolou kvality v spoločnosti Ruhrgas AG
|c Heinz Niehaus
|
| 773 |
0 |
|
|t 1. konferencia o systéme riadenia kvality v plynárenstve, 14.-15. mája 1998, Poprad
|d Bratislava : Slovenský plynárenský a naftový zväz], 1998, 1998
|g S. 1-4
|z 809674755X
|
| 958 |
|
|
|a OND
|
| 958 |
|
|
|a article11
|
| 958 |
|
|
|a chapter
|
| 999 |
|
|
|c 1284091
|d 1286021
|